Autoconsistencia : (Record no. 83798)

MARC details
000 -CABECERA
campo de control de longitud fija 00590nam a2200205 a 4500
005 - FECHA Y HORA DE LA ÚLTIMA TRANSACCIÓN
campo de control 20240925064616.0
008 - ELEMENTOS DE LONGITUD FIJA--INFORMACIÓN GENERAL
campo de control de longitud fija 010719s1977 r 000 0 eng d
020 ## - NÚMERO INTERNACIONAL NORMALIZADO PARA LIBROS
Número Internacional Estándar del Libro 8433003666
035 ## - NÚMERO DE CONTROL DEL SISTEMA
Número de control de sistema UPN01000109888
049 ## - COLECCIÓN
Colección CG
050 #4 - SIGNATURA TOPOGRÁFICA DE LA BIBLIOTECA DEL CONGRESO
Número de clasificación BF698
Número de documento/Ítem L4.29 1977
100 1# - ASIENTO PRINCIPAL--NOMBRE PERSONAL
Nombre de persona Lecky, Prescott
245 10 - MENCIÓN DE TÍTULO
Título Autoconsistencia :
Resto del título una teoría de la personalidad /
Mención de responsabilidad, etc. Prescott Lecky ; tr. Pedro Anitua.
250 ## - MENCIÓN DE EDICIÓN
Mención de edición 3a ed.
260 ## - PUBLICACIÓN, DISTRIBUCIÓN, ETC.
Lugar de publicación, distribución, etc. Bilbao :
Nombre del editor, distribuidor, etc. Desclée de Brouwer,
Fecha de publicación, distribución, etc. c1977.
300 ## - DESCRIPCIÓN FÍSICA
Extensión 222 p.
440 #0 - MENCIÓN DE SERIE/ASIENTO SECUNDARIO--TÍTULO
Título Biblioteca de psicología ;
Designación de volumen o secuencia 5
650 #4 - ASIENTO SECUNDARIO DE MATERIA - TERMINO TEMATICO
Término de materia o nombre geográfico como elemento de entrada Personalidad
9 (RLIN) 7690
905 ## - TIPO DE MATERIAL
Tipo de material Libro
Holdings
Estado de retiro Estado de pérdida Fuente del sistema de clasificación o colocación Estado dañado No para préstamo Código de colección Localización permanente Ubicación/localización actual Ubicación en estantería Total de préstamos Clasificación Código de barras Fecha visto por última vez Número de copia Tipo de ítem Koha
    Library of Congress Classification     Colección General Bib. Gregorio Torres Quintero Bib. Gregorio Torres Quintero Planta baja 3 BF698 L4.29 1977 183325 31/12/2020 1 Libro
    Library of Congress Classification     Colección General Bib. Gregorio Torres Quintero Bib. Gregorio Torres Quintero Planta baja 4 BF698 L4.29 1977 183324 31/12/2020 1 Libro